[Event "41st Olympiad Women 2014"]
[Site "Tromso NOR"]
[Date "2014.08.05"]
[Round "4.20"]
[Board "3"]
[White "Dengler, Dijana"]
[Black "Batkovskyte, Dominyka"]
[Result "1/2-1/2"]
[WhiteTitle "WFM"]
[WhiteElo "2070"]
[BlackElo "2117"]
[WhiteTeam "Bosnia & Herzegovina"]
[BlackTeam "Lithuania"]
[WhiteFideId "14400081"]
[BlackFideId "12803243"]
[EventDate "2014.08.02"]

1. d4 Nf6 2. Nf3 g6 3. Bg5 Bg7 4. e3 d5 5. Nbd2 O-O 6. Be2 Nbd7 7. O-O Re8 8. c4
c5 9. cxd5 cxd4 10. Nxd4 Nxd5 11. Rc1 N7b6 12. Ne4 h6 13. Bh4 g5 14. Bg3 e5 15.
Nb5 Bf8 16. Nc5 a6 17. Na3 Qf6 18. Bf3 Nb4 19. Qb3 a5 20. Nb5 Bxc5 21. Rxc5 Be6
22. Qc3 Nxa2 23. Qxe5 Qxe5 24. Rxe5 Bc4 25. Rxe8+ Rxe8 26. Nd6 Bxf1 27. Nxe8 Ba6
28. Nd6 Nb4 29. Bxb7 Bd3 30. Be5 Nc4 31. Nxc4 Bxc4 32. Bc3 Nd3 33. Bc6 Kf8 34.
g3 Ke7 35. f4 Ke6 36. Be4 Nc5 37. Bc2 a4 38. e4 gxf4 39. gxf4 Nb3 40. Kf2 Bb5
41. Ke3 Nc1 42. Bb4 h5 43. Bd2 Nb3 44. Be1 f6 45. Bd1 Be8 46. Bb4 f5 47. exf5+
Kxf5 48. h3 Ke6 49. Bc2 Kd5 50. Bh7 Bf7 51. Bc2 Kc4 52. Bf8 Kd5 53. Ba3 Be8 54.
Bf8 Nd4 55. Be4+ Kc4 56. Bb1 Bd7 57. Ba2+ Nb3 58. h4 Bf5 59. Bg7 Kd5 60. Be5 Kc4
61. Bf6 1/2-1/2

[Event "41st Olympiad Women 2014"]
[Site "Tromso NOR"]
[Date "2014.08.05"]
[Round "4.20"]
[Board "4"]
[White "Vanagaite, Giedre"]
[Black "Jacimovic, Sara"]
[Result "0-1"]
[WhiteElo "2032"]
[BlackElo "2032"]
[WhiteTeam "Lithuania"]
[BlackTeam "Bosnia & Herzegovina"]
[WhiteFideId "12800546"]
[BlackFideId "14403668"]
[EventDate "2014.08.02"]

1. d4 d5 2. Nf3 Nf6 3. c4 dxc4 4. e3 e6 5. Bxc4 c5 6. O-O a6 7. Nc3 b5 8. Bb3
Bb7 9. Qe2 Nc6 10. Rd1 Qc7 11. d5 exd5 12. Bxd5 b4 13. Ng5 O-O-O 14. Nxf7 Rxd5
15. Nxd5 Qxf7 16. Nb6+ Kc7 17. Nc4 Ne4 18. a3 Nd6 19. Nxd6 Bxd6 20. axb4 Nxb4
21. e4 Re8 22. f3 Qh5 23. g4 Qe5 24. Qg2 Bc6 25. Be3 Bb5 26. Rd2 Nd3 27. Rad1 c4
28. Rc2 Kb7 29. Rb1 Bc5 30. Bxc5 Qxc5+ 31. Kh1 Qe3 32. Re2 Qg5 33. Qg3 Nf4 34.
Rd2 Nd3 35. Re2 Rf8 36. Rg2 Qe3 37. Rf1 Bc6 38. Rc2 Bxe4 39. Rxc4 Bxf3+ 40. Rxf3
Qxf3+ 41. Qxf3+ Rxf3 0-1

[Event "41st Olympiad Women 2014"]
[Site "Tromso NOR"]
[Date "2014.08.05"]
[Round "4.21"]
[Board "1"]
[White "Yuan, Yuanling"]
[Black "Krivec, Jana"]
[Result "1-0"]
[WhiteTitle "WIM"]
[BlackTitle "WGM"]
[WhiteElo "2241"]
[BlackElo "2259"]
[WhiteTeam "Canada"]
[BlackTeam "Slovenia"]
[WhiteFideId "8604541"]
[BlackFideId "14601982"]
[EventDate "2014.08.02"]

1. e4 e5 2. Nf3 Nc6 3. Bb5 a6 4. Ba4 d6 5. O-O Bd7 6. c3 g6 7. d4 Bg7 8. Be3 b5
9. Bb3 Nf6 10. dxe5 Nxe5 11. Nxe5 dxe5 12. Bc5 Bc6 13. Nd2 Nxe4 14. Qf3 f5 15.
Nxe4 Bxe4 16. Qe3 Qd3 17. Qg5 Qd8 18. Qg3 Bd5 19. Rad1 c6 20. Rd2 Qc7 21. Bxd5
cxd5 22. Rxd5 Kf7 23. Qe3 Rhe8 24. Bb6 Qc6 25. Rfd1 Re6 26. Ba5 Rc8 27. Rd7+ Kg8
28. Qa7 Bf8 29. Rxh7 Qe8 30. Rdd7 1-0

[Event "41st Olympiad Women 2014"]
[Site "Tromso NOR"]
[Date "2014.08.05"]
[Round "4.21"]
[Board "2"]
[White "Kolaric, Spela"]
[Black "Khoudgarian, Natalia"]
[Result "1-0"]
[WhiteTitle "WFM"]
[BlackTitle "WIM"]
[WhiteElo "2043"]
[BlackElo "2136"]
[WhiteTeam "Slovenia"]
[BlackTeam "Canada"]
[WhiteFideId "14607093"]
[BlackFideId "2602121"]
[EventDate "2014.08.02"]

1. d4 e6 2. Nf3 f5 3. g3 Nf6 4. Bg2 c6 5. O-O d5 6. c4 Bd6 7. Nc3 O-O 8. Qc2 Ne4
9. Rb1 Nd7 10. b4 Qe7 11. b5 Nxc3 12. Qxc3 cxb5 13. c5 Bc7 14. Rxb5 b6 15. Ba3
Ba6 16. Rb2 bxc5 17. dxc5 Qf6 18. Qxf6 Nxf6 19. Nd4 Be5 20. Rd1 Rfc8 21. e3 Kf7
22. f3 Nd7 23. Rc2 Rab8 24. e4 Bc4 25. exd5 exd5 26. Nxf5 Nf6 27. Nd6+ Bxd6 28.
cxd6 Rb5 29. Bf1 Ra5 30. Rc3 Nd7 31. Bh3 Rd8 32. Re1 Nc5 33. Re7+ Kg6 34. Bxc5
Rxc5 35. Rc7 Rb5 36. d7 Rb1+ 37. Kf2 Bb5 38. R3c5 d4 39. Bf5+ 1-0

[Event "41st Olympiad Women 2014"]
[Site "Tromso NOR"]
[Date "2014.08.05"]
[Round "4.21"]
[Board "3"]
[White "Botez, Alexandra"]
[Black "Unuk, Laura"]
[Result "0-1"]
[WhiteTitle "WFM"]
[BlackTitle "WFM"]
[WhiteElo "2089"]
[BlackElo "2221"]
[WhiteTeam "Canada"]
[BlackTeam "Slovenia"]
[WhiteFideId "2603365"]
[BlackFideId "14609215"]
[EventDate "2014.08.02"]

1. d4 d5 2. Nf3 Nf6 3. e3 c5 4. b3 cxd4 5. exd4 g6 6. Bd3 Bg7 7. O-O O-O 8. Bb2
Nc6 9. a3 Nh5 10. Nc3 Bg4 11. Be2 Nf4 12. Ne5 Nxd4 13. Bxg4 Bxe5 14. Na4 Nc6 15.
Re1 Bxb2 16. Nxb2 e5 17. g3 Ne6 18. Bxe6 fxe6 19. Nd3 Qf6 20. f4 e4 21. Nc5 Rf7
22. Kg2 Rc8 23. c3 b6 24. Na4 Rd8 25. Qc2 Rc7 26. Qe2 Ne7 27. Rac1 Nf5 28. Rcd1
Rcd7 29. Rc1 e5 30. Rf1 Rf7 31. fxe5 Qxe5 32. Nb2 e3 33. Rf4 Nh4+ 34. Rxh4 Rf2+
35. Qxf2 exf2 36. Nd3 Qe3 37. Rd1 g5 38. Rd4 Rf8 39. Kf1 Qf3 40. Nf4 gxf4 41.
gxf4 Rxf4 42. Rxf4 Qxd1+ 43. Kxf2 Qd2+ 44. Kg3 Qxc3+ 45. Rf3 Qe1+ 0-1

[Event "41st Olympiad Women 2014"]
[Site "Tromso NOR"]
[Date "2014.08.05"]
[Round "4.21"]
[Board "4"]
[White "Novak, Ksenija"]
[Black "Starr, Nava"]
[Result "1-0"]
[WhiteTitle "WFM"]
[BlackTitle "WIM"]
[WhiteElo "2074"]
[BlackElo "2145"]
[WhiteTeam "Slovenia"]
[BlackTeam "Canada"]
[WhiteFideId "14604272"]
[BlackFideId "2600838"]
[EventDate "2014.08.02"]

1. Nf3 Nf6 2. c4 g6 3. Nc3 Bg7 4. e4 d6 5. d4 O-O 6. Be2 Nbd7 7. O-O c5 8. d5 a6
9. a3 Qc7 10. Qc2 Re8 11. h3 Nf8 12. Bf4 Nh5 13. Bh2 e5 14. dxe6 Nxe6 15. Nd5
Qd8 16. Rad1 Nf6 17. e5 dxe5 18. Bxe5 Nxd5 19. Rxd5 Qb6 20. Rfd1 Bxe5 21. Rxe5
Rf8 22. Bf1 Qc7 23. Red5 Nf4 24. Rd6 Ne6 25. Qd2 Nd4 26. Qf4 Nxf3+ 27. Qxf3 Be6
28. Qf6 Rfe8 29. h4 Qe7 30. Qxe7 Rxe7 31. g3 Kg7 32. b3 Rc8 33. Bg2 Rcc7 34. Bf3
Bf5 35. Rb6 h5 36. Rd8 Be4 37. Bxe4 Rxe4 38. Rb8 Ree7 39. Kg2 Red7 40. Kf3 Re7
41. g4 hxg4+ 42. Kxg4 Re4+ 43. f4 Ree7 44. h5 gxh5+ 45. Kxh5 Rcd7 46. Kg5 Rc7
47. f5 Red7 48. Rh6 f6+ 49. Rxf6 Rd1 50. Rb6 Rdd7 51. f6+ Kh7 52. Kf5 Rf7 53.
Re6 Rcd7 54. Ree8 1-0

[Event "41st Olympiad Women 2014"]
[Site "Tromso NOR"]
[Date "2014.08.05"]
[Round "4.22"]
[Board "3"]
[White "Newrkla, Katharina"]
[Black "Frisk, Ellinor"]
[Result "0-1"]
[WhiteTitle "WFM"]
[BlackTitle "WFM"]
[WhiteElo "2135"]
[BlackElo "2257"]
[WhiteTeam "Austria"]
[BlackTeam "Sweden"]
[WhiteFideId "1621629"]
[BlackFideId "1708481"]
[EventDate "2014.08.02"]

1. e4 c5 2. Nf3 Nc6 3. d4 cxd4 4. Nxd4 g6 5. Nc3 Bg7 6. Be3 Nf6 7. Bc4 O-O 8.
Bb3 a5 9. O-O a4 10. Nxa4 Nxe4 11. c4 d6 12. Re1 Ra6 13. Nb5 Be6 14. Qe2 Na5 15.
f3 Nf6 16. Nd4 Bd7 17. Nc3 Nc6 18. Rad1 Qc8 19. a3 Re8 20. Ndb5 Be6 21. Nd5 Ra5
22. Ndc7 Rf8 23. Bb6 Bf5 24. Bxa5 Nxa5 25. Ba2 Nc6 26. Nd5 Nxd5 27. cxd5 Ne5 28.
Rc1 Qa8 29. Bb1 Bd7 30. Nc3 h5 31. Ne4 Qa7+ 32. Kh1 Qa5 33. Nc3 Bh6 34. Rcd1 Rc8
35. Bd3 h4 36. Be4 h3 37. g3 Qc5 38. a4 Nc4 39. f4 Nxb2 40. Qxb2 Qxc3 41. Qxc3
Rxc3 42. Rc1 Ra3 43. Rc7 Bg4 44. Kg1 Bg7 45. Rc4 Bc3 46. Rb1 Bd2 47. Rxb7 Be3+
48. Kf1 Kg7 49. Rcb4 Kf6 50. R7b5 Ra2 51. Rb2 Rxa4 52. R5b4 Ra1+ 53. Rb1 Ra5 54.
Rb5 Ra6 55. R5b3 Bc5 56. Bf3 Bxf3 57. Rxf3 Ra2 58. g4 Rxh2 59. Ke1 Rg2 60. Rxh3
Rg1+ 61. Ke2 Rxb1 62. Rh7 e6 63. dxe6 Kxe6 64. Rh8 Rb3 65. Re8+ Kd7 66. Rf8 Ke7
67. Rc8 Rg3 68. g5 Re3+ 69. Kf2 Ra3+ 70. Ke2 Ke6 71. Rc7 Ra7 0-1

[Event "41st Olympiad Women 2014"]
[Site "Tromso NOR"]
[Date "2014.08.05"]
[Round "4.22"]
[Board "4"]
[White "Horn, Emilia"]
[Black "Hapala, Elisabeth"]
[Result "0-1"]
[WhiteTitle "WFM"]
[WhiteElo "2000"]
[BlackElo "2083"]
[WhiteTeam "Sweden"]
[BlackTeam "Austria"]
[WhiteFideId "1705385"]
[BlackFideId "1622080"]
[EventDate "2014.08.02"]

1. e4 e5 2. Nf3 Nc6 3. d4 exd4 4. Nxd4 Nf6 5. Nxc6 bxc6 6. e5 Qe7 7. Qe2 Nd5 8.
c4 Ba6 9. b3 g6 10. f4 f6 11. Qf2 Nb6 12. Ba3 c5 13. Be2 fxe5 14. O-O Bg7 15.
Bf3 e4 16. Bxc5 d6 17. Bd4 O-O 18. Re1 Rxf4 19. Nd2 Bb7 20. Rad1 Re8 21. Bxg7
Qxg7 22. Qe3 Qf8 23. g3 Rxf3 24. Nxf3 exf3 25. Qf2 Nd7 26. Rxe8 Qxe8 27. Re1 Qf7
28. Qxa7 Nc5 29. Rf1 Be4 30. Qb8+ Kg7 31. Qa7 Qe7 32. b4 Nd3 33. Qd4+ Qe5 34.
Qa7 Qb2 35. Qxc7+ Kh6 36. Qxd6 Qg2# 0-1

[Event "41st Olympiad Women 2014"]
[Site "Tromso NOR"]
[Date "2014.08.05"]
[Round "4.23"]
[Board "3"]
[White "Blackburn, Suzie G."]
[Black "Abrahamyan, Tatev"]
[Result "0-1"]
[WhiteTitle "WFM"]
[BlackTitle "WGM"]
[WhiteElo "1971"]
[BlackElo "2366"]
[WhiteTeam "Wales"]
[BlackTeam "United States of America"]
[WhiteFideId "414930"]
[BlackFideId "13301918"]
[EventDate "2014.08.02"]

1. d4 Nf6 2. Nf3 d5 3. Bf4 c5 4. e3 Nc6 5. c3 Nh5 6. Bg5 h6 7. Bh4 g5 8. Ne5
Nxe5 9. dxe5 gxh4 10. Qxh5 Qb6 11. Nd2 Bd7 12. Rb1 Rg8 13. f4 h3 14. gxh3 O-O-O
15. Kf2 d4 16. e4 Be6 17. c4 Qa5 18. Qd1 f6 19. Nb3 Qc7 20. f5 Bf7 21. e6 Qf4+
22. Ke1 Qxe4+ 23. Kd2 Qe3+ 24. Kc2 d3+ 25. Kc3 d2+ 26. Kc2 Qe4+ 27. Kc3 Qe5+ 28.
Kc2 Qxf5+ 29. Kc3 Qe5+ 30. Kc2 Bg6+ 0-1

[Event "41st Olympiad Women 2014"]
[Site "Tromso NOR"]
[Date "2014.08.05"]
[Round "4.23"]
[Board "4"]
[White "Foisor, Sabina-Francesca"]
[Black "Wang, Alyssa"]
[Result "1-0"]
[WhiteTitle "WGM"]
[WhiteElo "2252"]
[BlackElo "1610"]
[WhiteTeam "United States of America"]
[BlackTeam "Wales"]
[WhiteFideId "1212915"]
[BlackFideId "1802267"]
[EventDate "2014.08.02"]

1. d4 d5 2. c4 c6 3. e3 Nf6 4. Nf3 e6 5. b3 Nbd7 6. Bd3 Bd6 7. Bb2 O-O 8. O-O
Qc7 9. Nc3 e5 10. cxd5 Nxd5 11. Nxd5 cxd5 12. Rc1 Qb8 13. dxe5 Be7 14. Qc2 h6
15. Rfd1 Nb6 16. Bf5 Bxf5 17. Qxf5 Qd8 18. e4 Rc8 19. exd5 Rxc1 20. Bxc1 Qe8 21.
d6 Bd8 22. Nd4 Qd7 23. Be3 Re8 24. f4 g6 25. Qxd7 Nxd7 26. Bf2 a6 27. Rc1 Bb6
28. Nf3 Ba5 29. a3 f6 30. exf6 Nxf6 31. b4 Bd8 32. Ne5 Kg7 33. d7 Rg8 34. Rc8
Nd5 35. Bd4 Kh7 36. Nf7 1-0

[Event "41st Olympiad Women 2014"]
[Site "Tromso NOR"]
[Date "2014.08.05"]
[Round "4.25"]
[Board "1"]
[White "Mezioud, Amina"]
[Black "Munguntuul, Batkhuyag"]
[Result "0-1"]
[WhiteTitle "WIM"]
[BlackTitle "IM"]
[WhiteElo "2052"]
[BlackElo "2410"]
[WhiteTeam "Algeria"]
[BlackTeam "Mongolia"]
[WhiteFideId "7900970"]
[BlackFideId "4900758"]
[EventDate "2014.08.02"]

1. e4 c5 2. c3 Nf6 3. e5 Nd5 4. d4 cxd4 5. cxd4 e6 6. Nc3 d6 7. Nf3 Nc6 8. Bb5
Bd7 9. Nxd5 exd5 10. Qb3 dxe5 11. Bxc6 bxc6 12. Nxe5 Qb6 13. Nxd7 Qxb3 14. Nf6+
gxf6 15. axb3 Bd6 16. O-O Kd7 17. Rd1 Rhe8 18. Kf1 h5 19. Rd3 Re4 20. Ra4 Bc7
21. Re3 Bb6 22. Rxe4 dxe4 23. Bd2 Rb8 24. Bc3 Ke6 25. Ke2 Kd5 26. Ke3 f5 27. g3
Ke6 28. Rc4 Rc8 29. Bb4 h4 30. Bc5 hxg3 31. hxg3 Rb8 32. Bb4 Kd5 33. Bc3 c5 34.
Ra4 Rh8 35. dxc5 Bxc5+ 36. Ke2 Rh2 37. Be1 e3 38. Rf4 Ke5 39. Bc3+ Ke6 40. Be1
exf2 41. Bxf2 Ke5 42. b4 Bxf2 43. Rxf2 Rxf2+ 44. Kxf2 Ke4 45. b5 f4 46. gxf4
Kxf4 47. b3 f6 48. b4 f5 49. Ke2 Kg3 50. Kf1 Kf3 0-1

[Event "41st Olympiad Women 2014"]
[Site "Tromso NOR"]
[Date "2014.08.05"]
[Round "4.25"]
[Board "2"]
[White "Batchimeg, Tuvshintugs"]
[Black "Latreche, Sabrina"]
[Result "1-0"]
[WhiteTitle "WGM"]
[BlackTitle "WIM"]
[WhiteElo "2346"]
[BlackElo "1972"]
[WhiteTeam "Mongolia"]
[BlackTeam "Algeria"]
[WhiteFideId "4900839"]
[BlackFideId "7901798"]
[EventDate "2014.08.02"]

1. d4 Nf6 2. Nf3 d6 3. c4 Nbd7 4. Nc3 e5 5. d5 c6 6. e4 cxd5 7. cxd5 Qb6 8. Be2
Nc5 9. Rb1 Qb4 10. a3 Qb3 11. Qxb3 Nxb3 12. Be3 Ng4 13. Bg5 f6 14. Bh4 Bd7 15.
h3 Nh6 16. Bc4 Na5 17. Bd3 Rc8 18. Nd2 f5 19. f3 b6 20. Ba6 Rc7 21. Nb5 Bxb5 22.
Bxb5+ Kf7 23. g4 f4 24. g5 Be7 25. b4 Nb7 26. Ke2 Rc3 27. Rhc1 Rhc8 28. Bc6 Rxc1
29. Rxc1 Kg8 30. Nc4 Rc7 31. Bxb7 b5 32. Ba6 bxc4 33. Rxc4 Rxc4 34. Bxc4 Nf7 35.
Bf2 Nxg5 36. Bxa7 1-0

[Event "41st Olympiad Women 2014"]
[Site "Tromso NOR"]
[Date "2014.08.05"]
[Round "4.25"]
[Board "3"]
[White "Toubal, Hayat"]
[Black "Lkhamsuren, Uuganbayar"]
[Result "0-1"]
[WhiteTitle "WIM"]
[BlackTitle "WFM"]
[WhiteElo "1938"]
[BlackElo "2125"]
[WhiteTeam "Algeria"]
[BlackTeam "Mongolia"]
[WhiteFideId "7901631"]
[BlackFideId "4901347"]
[EventDate "2014.08.02"]

1. d4 Nf6 2. Nf3 e6 3. Bg5 d5 4. e3 Be7 5. Bd3 O-O 6. O-O c5 7. c3 Nc6 8. Nbd2
Qc7 9. dxc5 Rd8 10. Qc2 h6 11. Bh4 e5 12. e4 Bg4 13. Bxf6 Bxf6 14. b4 d4 15. a3
Qd7 16. Bc4 a5 17. Bd5 Ne7 18. c4 Rdc8 19. Qb3 a4 20. Qd3 Ng6 21. g3 Bh3 22.
Rfe1 Nf4 23. Qc2 Bg2 24. Reb1 Qh3 25. gxf4 Qg4 26. Nf1 Bxf3+ 27. Ng3 Qh3 0-1

[Event "41st Olympiad Women 2014"]
[Site "Tromso NOR"]
[Date "2014.08.05"]
[Round "4.25"]
[Board "4"]
[White "Ankhchimeg, Bayanmunkh"]
[Black "Oussedik, Nassila"]
[Result "1-0"]
[WhiteTitle "WIM"]
[WhiteElo "2123"]
[BlackElo "1594"]
[WhiteTeam "Mongolia"]
[BlackTeam "Algeria"]
[WhiteFideId "4900600"]
[BlackFideId "7902875"]
[EventDate "2014.08.02"]

1. e4 c5 2. c3 g6 3. d4 cxd4 4. cxd4 Bg7 5. Nc3 Nc6 6. Nf3 d6 7. Bc4 Nf6 8. d5
Nb8 9. O-O O-O 10. h3 Nbd7 11. Be3 Nb6 12. Bb3 Bd7 13. a4 a5 14. Qe2 Rc8 15. Nd4
Be8 16. Ndb5 Nbd7 17. Bd4 Nc5 18. Bc2 Na6 19. Rac1 Nb4 20. Bb1 Bh6 21. Rcd1 Bg7
22. f4 Nh5 23. Qe3 Bxb5 24. axb5 Bxd4 25. Qxd4 Nf6 26. e5 dxe5 27. fxe5 Nd7 28.
e6 fxe6 29. dxe6 Nf6 30. Qe3 Qc7 31. Kh1 Nfd5 32. Nxd5 Nxd5 33. Qg5 Nf6 34. Rc1
Qd6 35. Rce1 Qc7 36. h4 Nh5 37. Rf7 Ng3+ 38. Kg1 Rxf7 39. exf7+ Kg7 40. Ba2 1-0

[Event "41st Olympiad Women 2014"]
[Site "Tromso NOR"]
[Date "2014.08.05"]
[Round "4.26"]
[Board "1"]
[White "Tsolakidou, Stavroula"]
[Black "Nasriddinzoda, Marvorii"]
[Result "1-0"]
[WhiteTitle "WFM"]
[WhiteElo "2240"]
[BlackElo "2021"]
[WhiteTeam "Greece"]
[BlackTeam "Tajikistan"]
[WhiteFideId "4264312"]
[BlackFideId "14700395"]
[EventDate "2014.08.02"]

1. e4 c5 2. Nf3 e6 3. d4 cxd4 4. Nxd4 a6 5. Bd3 d6 6. c4 Nf6 7. Nc3 Be7 8. O-O
Nbd7 9. b3 Qc7 10. Bb2 O-O 11. Rc1 b6 12. Kh1 Bb7 13. Bb1 Rfe8 14. f4 Bf8 15.
Nf3 Rad8 16. Qc2 g6 17. Ng5 Bg7 18. Rce1 Rc8 19. Qd3 h6 20. e5 dxe5 21. fxe5
Nxe5 22. Rxe5 Qxe5 23. Nxf7 Qh5 24. Qxg6 Qxg6 25. Bxg6 Re7 26. Nd6 Rd8 27. Nxb7
Rxb7 28. Na4 Ng4 29. h3 Ne3 30. Re1 Rd1 31. Rxd1 Nxd1 32. Bxg7 Kxg7 33. Bc2 Ne3
34. Be4 Rb8 35. Kg1 Kf6 36. Kf2 Nf5 37. g4 Nd6 38. Bg2 Ke5 39. Ke3 b5 40. Nc5
bxc4 41. Nd7# 1-0

[Event "41st Olympiad Women 2014"]
[Site "Tromso NOR"]
[Date "2014.08.05"]
[Round "4.26"]
[Board "2"]
[White "Antonova, Nadezhda"]
[Black "Pavlidou, Ekaterini"]
[Result "1-0"]
[WhiteTitle "WFM"]
[BlackTitle "WIM"]
[WhiteElo "2004"]
[BlackElo "2170"]
[WhiteTeam "Tajikistan"]
[BlackTeam "Greece"]
[WhiteFideId "14700182"]
[BlackFideId "4213262"]
[EventDate "2014.08.02"]

1. Nf3 Nf6 2. g3 d5 3. Bg2 Bg4 4. c4 c6 5. cxd5 cxd5 6. d4 e6 7. Qb3 Qc8 8. Bf4
Nc6 9. Nbd2 Bxf3 10. Nxf3 Bb4+ 11. Kf1 a5 12. Rc1 a4 13. Qd3 Qd7 14. Ne5 Nxe5
15. dxe5 Ng8 16. e4 Ne7 17. exd5 exd5 18. a3 Ba5 19. Rd1 Rd8 20. h4 O-O 21. h5
h6 22. Rh4 b5 23. g4 g5 24. hxg6 Nxg6 25. Rxh6 Qxg4 26. Bg3 Kg7 27. Rh1 Rfe8 28.
f4 Nxf4 29. Qh7+ Kf8 30. Qh8+ Ke7 31. Qf6+ Kd7 32. Qd6+ Kc8 33. Rc1+ Kb7 34.
Qc6+ Kb8 35. Qxb5+ Bb6 36. Qxb6+ Ka8 37. Qa5+ Kb8 38. Qb4+ Ka8 39. Qxa4+ Kb8 40.
Qxf4 1-0

[Event "41st Olympiad Women 2014"]
[Site "Tromso NOR"]
[Date "2014.08.05"]
[Round "4.26"]
[Board "3"]
[White "Makropoulou, Marina"]
[Black "Ilhom, Mootribai"]
[Result "1-0"]
[WhiteTitle "WGM"]
[WhiteElo "2218"]
[BlackElo "1698"]
[WhiteTeam "Greece"]
[BlackTeam "Tajikistan"]
[WhiteFideId "4200187"]
[BlackFideId "14700204"]
[EventDate "2014.08.02"]

1. e4 c5 2. Nf3 d6 3. d4 cxd4 4. Nxd4 Nf6 5. Nc3 g6 6. Be3 Bg7 7. f3 Nc6 8. Qd2
O-O 9. O-O-O Bd7 10. g4 Ne5 11. Bh6 Rc8 12. Bxg7 Kxg7 13. h4 Qa5 14. Kb1 Nc4 15.
Bxc4 Rxc4 16. h5 Rh8 17. Nb3 Qc7 18. e5 dxe5 19. h6+ Kf8 20. g5 Nh5 21. Qxd7
Qxd7 22. Rxd7 1-0

[Event "41st Olympiad Women 2014"]
[Site "Tromso NOR"]
[Date "2014.08.05"]
[Round "4.26"]
[Board "4"]
[White "Odinaeva, Saodat"]
[Black "Markantonaki, Haritomeni"]
[Result "0-1"]
[BlackTitle "WFM"]
[WhiteElo "1785"]
[BlackElo "2180"]
[WhiteTeam "Tajikistan"]
[BlackTeam "Greece"]
[WhiteFideId "14700255"]
[BlackFideId "4207050"]
[EventDate "2014.08.02"]

1. d4 Nf6 2. c4 e6 3. Nc3 Bb4 4. a3 Bxc3+ 5. bxc3 c5 6. Nf3 O-O 7. Bf4 Qa5 8.
Bd2 Ne4 9. e3 f5 10. Bd3 Qc7 11. O-O b6 12. Qb3 d6 13. Bxe4 fxe4 14. Ng5 Qb7 15.
dxc5 h6 16. Nh3 dxc5 17. Nf4 Nc6 18. Rab1 Ne5 19. a4 Qa6 20. Qb5 Nxc4 21. Bc1
Qxb5 22. axb5 e5 23. Nd5 Bg4 24. Ne7+ Kh7 25. Nc6 Rf7 26. Ra1 Be2 27. Re1 Bd3
28. Ra4 Raf8 29. Ra2 Bb1 30. Rae2 a6 31. bxa6 Rc7 32. Nxe5 Nxe5 33. Rd1 Bd3 34.
Ra2 Ra8 35. c4 Bxc4 36. Rad2 Rxa6 37. Bb2 Nd3 38. Bc3 Ra3 39. Bb2 Nxb2 40. Rxb2
b5 41. Rc1 Ra2 0-1

[Event "41st Olympiad Women 2014"]
[Site "Tromso NOR"]
[Date "2014.08.05"]
[Round "4.27"]
[Board "1"]
[White "Heredia Serrano, Carla"]
[Black "Klinova, Masha"]
[Result "1/2-1/2"]
[WhiteTitle "WGM"]
[BlackTitle "IM"]
[WhiteElo "2168"]
[BlackElo "2312"]
[WhiteTeam "Ecuador"]
[BlackTeam "Israel"]
[WhiteFideId "3603687"]
[BlackFideId "2802015"]
[EventDate "2014.08.02"]

1. e4 d6 2. d4 Nf6 3. Nc3 g6 4. Nf3 Bg7 5. h3 O-O 6. Be3 c6 7. a4 Nbd7 8. Be2 e5
9. dxe5 dxe5 10. Nd2 Qe7 11. Nc4 Nc5 12. Qd6 Qxd6 13. Nxd6 Ne6 14. O-O-O b6 15.
Bc4 Nc7 16. Nxc8 Rfxc8 17. f3 Rd8 18. Bb3 Nh5 19. Ne2 Bf6 20. c3 Ng7 21. Kc2
Nge6 22. Rxd8+ Rxd8 23. a5 c5 24. axb6 axb6 25. Rd1 Rxd1 26. Kxd1 Kf8 27. Bd5
Ke7 28. Nc1 Bg5 29. Bxg5+ Nxg5 30. h4 Nge6 31. g3 h6 32. Nd3 g5 33. hxg5 Nxg5
34. Nxe5 Nxd5 35. exd5 Kd6 36. f4 Ne4 37. Nxf7+ Kxd5 38. Nxh6 Nxg3 39. Kd2 Ke4
40. f5 Nxf5 41. Nxf5 Kxf5 42. c4 1/2-1/2

[Event "41st Olympiad Women 2014"]
[Site "Tromso NOR"]
[Date "2014.08.05"]
[Round "4.27"]
[Board "2"]
[White "Shvayger, Yuliya"]
[Black "Romero Echeverria, Abigail"]
[Result "1-0"]
[WhiteTitle "WIM"]
[BlackTitle "WFM"]
[WhiteElo "2275"]
[BlackElo "2098"]
[WhiteTeam "Israel"]
[BlackTeam "Ecuador"]
[WhiteFideId "14100126"]
[BlackFideId "3603806"]
[EventDate "2014.08.02"]

1. e4 c5 2. Nf3 e6 3. Nc3 a6 4. d4 cxd4 5. Nxd4 Qc7 6. Bd3 Nc6 7. Nxc6 dxc6 8.
O-O e5 9. f4 Nf6 10. f5 Bc5+ 11. Kh1 h5 12. Qf3 Ng4 13. Qg3 Qe7 14. Be2 Bd7 15.
Bxg4 hxg4 16. Qxg4 O-O-O 17. Qg3 Rh5 18. Be3 Bxe3 19. Qxe3 Rdh8 20. h3 g5 21.
Nd1 g4 22. Nf2 gxh3 23. g4 Rh4 24. Rad1 h2 25. Rd3 c5 26. Rfd1 Bc6 27. Rd6 Qc7
28. Qg3 Qe7 29. f6 Qc7 30. Qxe5 Re8 31. Qxc5 Kb8 32. Qd4 Rhh8 33. Qe3 Qa5 34.
Qf4 Ka8 35. g5 Qxa2 36. g6 fxg6 37. f7 Ref8 38. Kg2 Qxf7 39. Rd8+ Ka7 40. Qxf7 1-0

[Event "41st Olympiad Women 2014"]
[Site "Tromso NOR"]
[Date "2014.08.05"]
[Round "4.27"]
[Board "3"]
[White "Moncayo Romero, Evelyn"]
[Black "Vasiliev, Olga"]
[Result "0-1"]
[WhiteTitle "WIM"]
[BlackTitle "WIM"]
[WhiteElo "2119"]
[BlackElo "2276"]
[WhiteTeam "Ecuador"]
[BlackTeam "Israel"]
[WhiteFideId "3600424"]
[BlackFideId "2807602"]
[EventDate "2014.08.02"]

1. e4 c5 2. Nf3 a6 3. d4 cxd4 4. Nxd4 e5 5. Nb3 Nf6 6. Nc3 Bb4 7. Bd3 d5 8. exd5
Nxd5 9. O-O Nxc3 10. bxc3 Bxc3 11. Rb1 O-O 12. Nc5 Qc7 13. Bxh7+ Kxh7 14. Qh5+
Kg8 15. Ne4 Qc6 16. Nxc3 Qxc3 17. Rb3 Qxc2 18. Rg3 Qf5 19. Qh4 Qh7 20. Qe7 Nc6
21. Qf6 Kh8 22. Qd6 Be6 23. f4 Rfd8 24. Qc7 Rd7 25. Qb6 Nd4 26. Re3 Qc2 27. Rxe5
Ne2+ 28. Kh1 Rd1 0-1